[Event "Djerba Blitz op"]
[Site "Djerba"]
[Date "2025.02.19"]
[Round "5"]
[White "Guinet, Stephane"]
[Black "Doucet, Jean Gabriel"]
[Result "1-0"]
[WhiteElo "1617"]
[BlackElo "1506"]
[PlyCount "25"]
[EventDate "2025.02.19"]
[EventType "swiss (blitz)"]
[EventRounds "9"]
[EventCountry "TUN"]
[SourceTitle "CB09_2025"]
[SourceDate "2025.02.27"]
[SourceVersion "1"]
[SourceVersionDate "2025.02.27"]
[SourceQuality "1"]

1. e4 e5 2. Nf3 Nc6 3. d4 exd4 4. Bc4 Bb4+ 5. c3 dxc3 6. 0-0 cxb2 7. Bxb2 d6 8. a3 Ba5 9. Bxg7 h6 10. Bxh8 f6 11. Qd5 Nge7 12. Qf7+ Kd7 13. Be6# 1-0

[Event "Djerba Blitz op"]
[Site "Djerba"]
[Date "2025.02.19"]
[Round "4"]
[White "Khider, Amilia"]
[Black "Guinet, Stephane"]
[Result "1-0"]
[WhiteElo "1524"]
[BlackElo "1617"]
[PlyCount "21"]
[EventDate "2025.02.19"]
[EventType "swiss (blitz)"]
[EventRounds "9"]
[EventCountry "TUN"]
[SourceTitle "CB09_2025"]
[SourceDate "2025.02.27"]
[SourceVersion "1"]
[SourceVersionDate "2025.02.27"]
[SourceQuality "1"]

1. e4 Nf6 2. Nc3 d5 3. exd5 Nxd5 4. Nxd5 Qxd5 5. d4 Nc6 6. Nf3 g6 7. Be2 Bg7 8. c3 0-0 9. 0-0 e5 10. dxe5 Nxe5 11. Qxd5 1-0